| 000 | 00635nam a2200217Ii 4500 | ||
|---|---|---|---|
| 001 | 3400 | ||
| 003 | CO-ViMGA | ||
| 008 | 241108s9999||||xx |||||||||||||| ||und|| | ||
| 020 | _a9233014177 | ||
| 040 |
_aCO-ViMGA _bspa _erda _cCO-ViMGA |
||
| 041 | 0 | _aunk | |
| 082 | 0 | 4 | _a301.153 - R85 |
| 100 | 1 |
_aJorge Eliécer Ruiz _948756 |
|
| 245 | 1 | 0 | _aLa Política cultural en Colombia |
| 264 | 1 | _a[Lugar de publicación no identificado] : Unesco, 1976 | |
| 300 | _avolumen | ||
| 336 |
_atext _btxt _2rdacontent |
||
| 337 |
_aunmediated _bn _2rdamedia |
||
| 338 |
_avolume _bnc _2rdacarrier |
||
| 940 | _aidficha_siabuc: 3317. -- ficha_no_siabuc:3400 | ||
| 999 |
_c52939 _d52939 |
||